000 02073nam0a2200397 4500
001 RU\NLR\bibl\534470
005 20260409080010.0
010 _a5-94338-081-7
_bв обл.
_993
021 _aRU
_b2004-4230
_9218
035 _aRSL-KNO-002406191
035 _a(NLR Aleph) 000526752
090 _a1327500
_c1327500
100 _a20040310d2003 |||y0rusy50 ca
101 0 _arus
102 _aRU
105 _aa |||||||||
106 _ar
200 1 _aКомпьютерное моделирование и информационные технологии в науке, инженерии и образовании
_eСб. материалов междунар. науч. конф.
_f[Под общ. ред. д.х.н., проф. А.Н. Кошева]
210 _aПенза
_cПГСХА
_d2003
215 _a210 с.
_cил., табл.
_d21
300 _aВ надзаг.: М-во образования Рос. Федерации, М-во образования Пенз. обл., Пенз. гос. ун-т архитектуры и стр-ва, Пенз. гос. с.-х. акад., Межотрасл. науч.-информ. центр (МНИЦ)
320 _aБиблиогр. в конце ст.
606 _aОбразование
_xИнформационные технологии
_jСборники
_3RU\NLR\auth\661575610
_92103593
606 _aОбразование
_xИнформационные технологии
_jСъезды, совещания и т.п.
_3RU\NLR\auth\661575610
_92103593
686 _aЗ973.12я431(0)
_2rubbk
686 _aЗ973.233я431(0)
_2rubbk
686 _aЧ312.31я431
702 1 _aКошев
_bА. Н.
_gАлександр Николаевич
_4340
712 0 2 _4570
_aПензенский государственный университет архитектуры и строительства
_3RU\NLR\AUTH\8810050415
_9600974
801 0 _aRU
_bRuMoRKP
_c20040310
_gPSBO
801 1 _aRU
_bRuMoRKP
_c20040310
801 2 _aRU
_bNLR
_c20040629
_gPSBO
942 _cBOOK
980 _aNB
980 _aNBR